000 00874nam a2200229Ii 4500
003 JO-AjNU
008 230605s9999||||xx |||||||||||||| ||und||
017 _a2005/6/1497
020 _a9957-16-095-8
040 _aJO-AjNU
_bara
_erda
_cJO-AjNU
041 _aara
050 1 4 _aHV 9076.A44 2006
100 3 _aالعكايلة، محمد سند,
_eauthor
_925078
245 0 0 _aاضطرابات الوسط الاسري وعلاقتها بجنوح الاحداث
250 _aط1
264 3 1 _aعمان: دار الثقافة للنشر والتوزيع، 2006
300 _a334ص
_bيحتوي على ببلوغرافية من 323-334ص
336 _atext
_btxt
_2rdacontent
337 _aunmediated
_bn
_2rdamedia
338 _avolume
_bnc
_2rdacarrier
650 4 _aالاسرة - التفكك الاسري - المشاكل الاجتماعية - الانحراف
_925079
999 _aA9333
_c12901
_d12901